[Event "FRA-chT2 East 0809"]
[Site "France"]
[Date "2009.04.04"]
[Round "10.6"]
[White "Desboeufs, Alexandre"]
[Black "Cao, Philippe"]
[Result "1-0"]
[WhiteElo "2040"]
[BlackElo "1970"]
[PlyCount "64"]
[EventDate "2008.10.19"]
[EventType "tourn"]
[EventRounds "11"]
[EventCountry "FRA"]
[SourceTitle "EXT 2010"]
[Source "ChessBase"]
[SourceDate "2010.11.25"]
[SourceVersion "1"]
[SourceVersionDate "2010.11.25"]
[SourceQuality "1"]
[WhiteTeam "Mulhouse IV"]
[BlackTeam "Besancon TPG II"]
[WhiteTeamCountry "FRA"]
[BlackTeamCountry "FRA"]

1. e4 c5 2. Nc3 Nc6 3. f4 g6 4. Nf3 Bg7 5. g3 e6 6. Bg2 Nge7 7. 0-0 0-0 8. d3 d6 9. Be3 b6 10. Qd2 Bb7 11. Rae1 d5 12. exd5 exd5 13. Bf2 d4 14. Ne4 h6 15. Qd1 Qc7 16. Ned2 Nb4 17. a3 Nbd5 18. Nh4 Qd7 19. Nc4 Rae8 20. Re2 b5 21. Na5 Ba8 22. Nb3 Rc8 23. Rfe1 Rfe8 24. Qd2 Rf8 25. h3 Nf5 26. Nxf5 Qxf5 27. Qa5 Qd7 28. Kh2 Kh8 29. a4 bxa4 30. Nxc5 Qc7 31. Qxc7 Nxc7 32. Nxa4 Kh7 1-0

[Event "FRA-chT2 East 0809"]
[Site "France"]
[Date "2009.01.17"]
[Round "5.7"]
[White "Schaeffer, Francois"]
[Black "Desboeufs, Alexandre"]
[Result "1/2-1/2"]
[WhiteElo "1760"]
[BlackElo "2040"]
[PlyCount "84"]
[EventDate "2008.10.19"]
[EventType "tourn"]
[EventRounds "11"]
[EventCountry "FRA"]
[SourceTitle "EXT 2010"]
[Source "ChessBase"]
[SourceDate "2010.11.25"]
[SourceVersion "1"]
[SourceVersionDate "2010.11.25"]
[SourceQuality "1"]
[WhiteTeam "Bischwiller II"]
[BlackTeam "Mulhouse IV"]
[WhiteTeamCountry "FRA"]
[BlackTeamCountry "FRA"]

1. e4 e6 2. d4 d5 3. exd5 exd5 4. c4 Nf6 5. Bg5 Bb4+ 6. Nc3 0-0 7. Bd3 dxc4 8. Bxc4 b5 9. Bb3 Bb7 10. f3 Nbd7 11. Nge2 c5 12. 0-0 c4 13. Bc2 Qb6 14. Kh1 Rfe8 15. a3 Bd6 16. Bf4 a6 17. Bxd6 Qxd6 18. Ng3 Nb6 19. Nce4 Qe7 20. Nxf6+ Qxf6 21. Be4 Nd5 22. Qd2 Rad8 23. Rad1 g6 24. Rfe1 Re6 25. Bxd5 Rxd5 26. Rxe6 Qxe6 27. Kg1 Rd7 28. Kf2 Qd6 29. Qe2 Re7 30. Qd2 Bd5 31. Qc3 h5 32. Re1 h4 33. Nf1 Rd7 34. Qe3 Be6 35. Rd1 a5 36. Qe4 Kg7 37. Qxh4 b4 38. Qg3 c3 39. Qxd6 Rxd6 40. bxc3 bxc3 41. Rc1 Rxd4 42. Rxc3 a4 1/2-1/2

[Event "St Chely d'Aubrac op 8th"]
[Site "St Chely d'Aubrac"]
[Date "2008.07.14"]
[Round "3"]
[White "Desboeufs, Alexandre"]
[Black "Karpatchev, Aleksandr"]
[Result "0-1"]
[WhiteElo "2026"]
[BlackElo "2460"]
[PlyCount "46"]
[EventDate "2008.07.13"]
[EventType "swiss"]
[EventRounds "9"]
[EventCountry "FRA"]
[SourceTitle "CBM 125 Extra"]
[Source "ChessBase"]
[SourceDate "2008.09.01"]
[SourceVersion "1"]
[SourceVersionDate "2008.09.01"]
[SourceQuality "1"]

1. e4 e5 2. Bc4 Nf6 3. d3 c6 4. Bg5 d5 5. Bxf6 gxf6 6. exd5 cxd5 7. Bb3 Nc6 8. Nf3 Rg8 9. Rg1 a5 10. c3 Be6 11. Nbd2 Qb6 12. Qc2 Bc5 13. d4 exd4 14. cxd4 Bxd4 15. Nxd4 Qxd4 16. Qxh7 0-0-0 17. 0-0-0 Nb4 18. Nf3 Qf4+ 19. Rd2 Bf5 20. Qxf7 Nd3+ 21. Kd1 Qxf3+ 22. Re2 Nxb2+ 23. Ke1 Qc3+ 0-1

[Event "St Chely d'Aubrac op 6th"]
[Site "St Chely d'Aubrac"]
[Date "2006.07.21"]
[Round "8"]
[White "Desboeufs, Alexandre"]
[Black "Rabier, Jean"]
[Result "1-0"]
[WhiteElo "2028"]
[BlackElo "1972"]
[PlyCount "53"]
[EventDate "2006.07.15"]
[EventType "swiss"]
[EventRounds "9"]
[EventCountry "FRA"]
[SourceTitle "CBM 113 Extra"]
[Source "ChessBase"]
[SourceDate "2006.09.14"]
[SourceVersion "1"]
[SourceVersionDate "2006.09.14"]
[SourceQuality "1"]

1. e4 c5 2. Nc3 Nc6 3. f4 d6 4. Bc4 Nf6 5. Nf3 Bg4 6. h3 Bxf3 7. Qxf3 a6 8. d3 Nd4 9. Qd1 b5 10. Bb3 e6 11. 0-0 Be7 12. Be3 Nc6 13. Qe1 0-0 14. Ne2 c4 15. dxc4 Nxe4 16. cxb5 axb5 17. f5 d5 18. Rd1 Bc5 19. Bxc5 Nxc5 20. Qc3 Qb6 21. Kh1 Ne4 22. Qf3 Na5 23. Ng3 Nxg3+ 24. Qxg3 Qb8 25. Rf4 Nxb3 26. f6 g6 27. Qg5 1-0

[Event "St Chely d'Aubrac op 6th"]
[Site "St Chely d'Aubrac"]
[Date "2006.07.20"]
[Round "7"]
[White "Saucey, Michel"]
[Black "Desboeufs, Alexandre"]
[Result "1-0"]
[WhiteElo "2342"]
[BlackElo "2028"]
[PlyCount "51"]
[EventDate "2006.07.15"]
[EventType "swiss"]
[EventRounds "9"]
[EventCountry "FRA"]
[SourceTitle "CBM 113 Extra"]
[Source "ChessBase"]
[SourceDate "2006.09.14"]
[SourceVersion "1"]
[SourceVersionDate "2006.09.14"]
[SourceQuality "1"]

1. d4 d5 2. Nf3 Nf6 3. c4 e6 4. Nc3 Be7 5. Bf4 0-0 6. e3 Nbd7 7. c5 c6 8. Bd3 Re8 9. b4 Nf8 10. h3 Nh5 11. Bh2 f5 12. 0-0 Nf6 13. b5 Ne4 14. Bxe4 dxe4 15. Ne5 Qa5 16. Qb3 Bf6 17. Nc4 Qd8 18. bxc6 bxc6 19. Nd6 Re7 20. Nxf5 Rb7 21. Qc4 a5 22. Rfb1 Rb4 23. Rxb4 axb4 24. Nxe4 Ba6 25. Qb3 Qd5 26. Nxf6+ 1-0

[Event "St Chely d'Aubrac op 6th"]
[Site "St Chely d'Aubrac"]
[Date "2006.07.18"]
[Round "5"]
[White "Hassler, Franck"]
[Black "Desboeufs, Alexandre"]
[Result "1-0"]
[WhiteElo "2222"]
[BlackElo "2028"]
[PlyCount "77"]
[EventDate "2006.07.15"]
[EventType "swiss"]
[EventRounds "9"]
[EventCountry "FRA"]
[SourceTitle "CBM 113 Extra"]
[Source "ChessBase"]
[SourceDate "2006.09.14"]
[SourceVersion "1"]
[SourceVersionDate "2006.09.14"]
[SourceQuality "1"]

1. Nf3 Nf6 2. g3 d5 3. Bg2 e6 4. 0-0 Be7 5. d3 c5 6. Nbd2 Nc6 7. e4 dxe4 8. dxe4 e5 9. c3 0-0 10. Qc2 Qc7 11. Nc4 Be6 12. Ne3 Rad8 13. Re1 Ng4 14. Nf5 Rfe8 15. h3 Nf6 16. Bf1 a6 17. Be3 b5 18. a4 c4 19. axb5 axb5 20. Nxe7+ Qxe7 21. Ra6 Qd7 22. Rea1 Nxe4 23. Bb6 Nb8 24. Ra7 Qd5 25. Bxd8 Rxd8 26. Be2 Nd7 27. Rd1 Qc5 28. Qxe4 Qxa7 29. Nxe5 Qc7 30. Nxd7 Bxd7 31. Qe7 g6 32. Bg4 h5 33. Rxd7 Rxd7 34. Bxd7 h4 35. gxh4 Qf4 36. Qe3 Qxh4 37. Bxb5 g5 38. Bc6 Qh6 39. Bd5 1-0

[Event "St Chely d'Aubrac op 6th"]
[Site "St Chely d'Aubrac"]
[Date "2006.07.17"]
[Round "4"]
[White "Desboeufs, Alexandre"]
[Black "Lagunes, Matthieu"]
[Result "1-0"]
[WhiteElo "2028"]
[BlackElo "1860"]
[PlyCount "79"]
[EventDate "2006.07.15"]
[EventType "swiss"]
[EventRounds "9"]
[EventCountry "FRA"]
[SourceTitle "CBM 113 Extra"]
[Source "ChessBase"]
[SourceDate "2006.09.14"]
[SourceVersion "1"]
[SourceVersionDate "2006.09.14"]
[SourceQuality "1"]

1. e4 d6 2. d4 g6 3. Nc3 Bg7 4. f4 Nd7 5. Nf3 a6 6. Bc4 c5 7. Be3 e6 8. 0-0 Ngf6 9. dxc5 dxc5 10. Ng5 Qe7 11. e5 Ng8 12. Nce4 Nh6 13. Nd6+ Kf8 14. Qf3 Bxe5 15. Nxe6+ Kg8 16. Nxc8 Rxc8 17. fxe5 Nxe5 18. Qe4 Nxc4 19. Qxc4 Nf5 20. Bg5 Qxe6 21. Qxe6 fxe6 22. Bf6 Ne3 23. Rf3 Nxc2 24. Rc1 Nb4 25. a3 Nd5 26. Bxh8 Kxh8 27. Rf7 Rc7 28. Rxc7 Nxc7 29. Rxc5 Nd5 30. a4 Kg7 31. Rc8 a5 32. Kf2 h5 33. Kf3 b6 34. Rc6 Kf6 35. Ke4 g5 36. Rc8 b5 37. axb5 Nb6 38. Rc6 Nd7 39. b6 Ke7 40. b7 1-0

[Event "St Chely d'Aubrac op 5th"]
[Site "St Chely d'Aubrac"]
[Date "2005.07.15"]
[Round "8"]
[White "Colandrea, Sauveur"]
[Black "Desboeufs, Alexandre"]
[Result "0-1"]
[WhiteElo "1874"]
[BlackElo "2052"]
[PlyCount "80"]
[EventDate "2005.07.09"]
[EventType "swiss"]
[EventRounds "9"]
[EventCountry "FRA"]
[SourceTitle "CBM 107 Extra"]
[Source "ChessBase"]
[SourceDate "2005.09.01"]
[SourceVersion "1"]
[SourceVersionDate "2005.09.01"]
[SourceQuality "1"]

1. b3 d5 2. Bb2 Nf6 3. e3 c5 4. Nf3 Bg4 5. Be2 e6 6. Ne5 Bxe2 7. Qxe2 Bd6 8. f4 0-0 9. d3 Nc6 10. Nd2 Bxe5 11. fxe5 Nd7 12. Nf3 Qc7 13. d4 cxd4 14. exd4 Rae8 15. 0-0 f6 16. Rae1 fxe5 17. dxe5 Rf5 18. Qd2 Ref8 19. Ba3 Rc8 20. g4 Qb6+ 21. Kg2 Rf7 22. Qd3 Nb4 23. Bxb4 Qxb4 24. c4 dxc4 25. Qe4 Nc5 26. Qxc4 Qxc4 27. bxc4 Nd3 28. Rd1 Nf4+ 29. Kg3 h6 30. Nd4 g5 31. Nb5 Rxc4 32. Nd6 Rc3+ 33. Kf2 Nd3+ 34. Ke2 Rxf1 35. Rxf1 Nxe5 36. Rf6 Nxg4 37. Rxe6 Rc2+ 38. Kd1 Rxh2 39. Nxb7 Rxa2 40. Re8+ Kg7 0-1

[Event "St Chely d'Aubrac op 5th"]
[Site "St Chely d'Aubrac"]
[Date "2005.07.12"]
[Round "5"]
[White "Desboeufs, Alexandre"]
[Black "Boudre, Jean Pierre"]
[Result "1/2-1/2"]
[WhiteElo "2052"]
[BlackElo "2359"]
[PlyCount "59"]
[EventDate "2005.07.09"]
[EventType "swiss"]
[EventRounds "9"]
[EventCountry "FRA"]
[SourceTitle "CBM 107 Extra"]
[Source "ChessBase"]
[SourceDate "2005.09.01"]
[SourceVersion "1"]
[SourceVersionDate "2005.09.01"]
[SourceQuality "1"]

1. e4 e5 2. f4 exf4 3. Nf3 d5 4. exd5 Nf6 5. Nc3 Nxd5 6. Nxd5 Qxd5 7. d4 Be7 8. Be2 c5 9. c4 Qd6 10. d5 0-0 11. 0-0 Bf6 12. Rb1 Bf5 13. Bd3 Bxd3 14. Qxd3 Nd7 15. Qf5 Ne5 16. Bxf4 Nxf3+ 17. Rxf3 Bd4+ 18. Kh1 Qa6 19. b3 Qxa2 20. Bd6 g6 21. Qd3 Rfe8 22. Rbf1 Rad8 23. Bg3 Rd7 24. Bf2 Qb2 25. Bxd4 cxd4 26. R3f2 Qc3 27. Qxc3 dxc3 28. Rc2 Re3 29. Rfc1 a5 30. Rxc3 1/2-1/2